000 00792nam a2200241Ia 4500
003 GCL
008 140319s9999 xx 000 0 ara d
040 _aGCL /
_cGCL
082 0 4 _a810.8
_bم أ
100 1 _aمحمد ابوالفضل ابراهيم
245 1 0 _aايام العرب فى الاسلام /
_cمحمد ابوالفضل ابراهيم
700 1 _aعلى محمد البجاوى
260 _a[S.N] :
_bدار الجيل ،
_c1988
300 _a520 ص
490 _a
650 0 4 _aاللغة العربية
650 0 4 _aالنوادرالعربية
650 0 4 _aالبلاغة العربية
650 0 4 _aالتاريخ الاسلامى
650 0 4 _aالحضارة الاسلامية
650 0 4 _aالادب العربى - مجموعات
942 _2ddc
_cBK
999 _c37231
_d37231